Tractatus de curia romana seu de cardinalibus, romanis congregationibus. Legatio, nuntiis, vicariis et protonotariis apostolicis

Guardat en:
Dades bibliogràfiques
Autor principal: Bouix, D
Format: Llibre
Idioma:llatí
Publicat: París, Francia Bourguet-Calas et Cie Successoribus 1880
Col·lecció:Institutiones Juris Canonici
Matèries:
Etiquetes: Afegir etiqueta
Sense etiquetes, Sigues el primer a etiquetar aquest registre!

MARC

LEADER 00000cam a2200000 a 4500
001 UCD1952
003 CL-VaPUC
005 20200903123756.0
008 160407e18800000fr |||||||||||||||||lat|d
999 |c 363160  |d 363158 
040 |c Pontificia Universidad Católica de Valparaíso 
082 0 4 |a 262.9 BOU 1880  |2 21 
100 0 |a Bouix, D  |9 585126 
245 1 0 |a Tractatus de curia romana seu de cardinalibus, romanis congregationibus. Legatio, nuntiis, vicariis et protonotariis apostolicis 
260 0 3 |a París, Francia  |b Bourguet-Calas et Cie Successoribus  |c 1880 
300 |a 711 páginas 
490 0 |a Institutiones Juris Canonici 
583 |a last modification  |c 20160407 22:06:00  |k Rodrigo Vera 
650 7 |a DERECHO CANONICO  |2 CL-VaPUC  |9 585127 
650 7 |a CURIA ROMANA  |2 CL-VaPUC  |9 408565 
942 |c BK  |2 ddc 
945 |d 20160407 22:06:00  |a dcastane 
952 |0 0  |1 0  |2 ddc  |3 erd  |4 0  |6 262_900000000000000_BOU_1880  |7 0  |8 X  |9 474998  |a BIBTEO  |b BIBTEO  |c TEO_FFR  |i 5220785  |o 262.9 BOU 1880  |p 5220785  |r 2024-01-18  |t 1  |w 2019-11-24  |y BK_X  |z Catalogado en:20160407  |k OFM